| 000 | 01296cab a2200265 4500 | ||
|---|---|---|---|
| 001 | ABS58125 | ||
| 008 | 090401t1997 xxu||||| |||| 00| 0 eng d | ||
| 035 | _a(Sirsi) u83300 | ||
| 041 | _aeng | ||
| 100 | _aKumaraswamy, M.M. | ||
| 245 | _aPerceived sources and causes of construction claims | ||
| 260 | _c1997 | ||
| 350 | _a0 | ||
| 490 |
_aJournal of Construction Procurement _v3(3) November 1997, 3-26(23) |
||
| 520 | _aSignificantly increasing frequencies and magnitudes of claims have accompanied the growth of construction activities in general. A research project was mooted to study possible ways to minimise the frequencies and magnitudes of construction claims in civil engineering projects in Hong Kong. A survey was carried out to gather and compare the perceptions of construction professionals as to the common sources and causes of claims. Based on the responses, a Claim Focus Indicator (CFI) was developed to identify particular sources of claims. (Taken from the journal abstract) References. | ||
| 650 | _aCAUSES | ||
| 650 | _aCIVIL ENGINEERING CONTRACTS | ||
| 650 | _aCONTRACT CLAIMS | ||
| 650 | _aHONG KONG | ||
| 650 | _aRESEARCH | ||
| 690 | _aBUILT ENVIRONMENT-BUILDING CONTRACT FORMS | ||
| 700 | _aYogeswaran, K. | ||
| 942 | _n0 | ||
| 948 | _c26/01/1998 | ||
| 999 |
_c52603 _d52603 |
||